00725 2200265 4500001002100000005001500021035002000036007000300056008004100059020002200100082000800122084001400130100001700144245007700161250001000238260004200248300003200290650004400322700001900366520003000385990001100415990001100426990001100437990001100448INLIS00000000000345020190520022459 a0010-0519000042ta190520 g 0 ind  a978-602-0808-40-6 a500 a500 SRI s0 aSRI, Winarti1 a99 Eksperimen Sains untuk Anak /cSri Winarti; penyunting, Eista Swaesti acet.1 a[s.l] :bTrans Idea Publishing,c2018 a107 hlm. :bilus. ;c28 cm. 4aILMU PENGETAHUAN ALAM. SAINS UNTUK ANAK0 aEISTA, Swaesti aBibliografi: hlm. 106-107 a6568 a a6568 b a6568 a a6568 b